| 000 | 00652nam a2200217 i 4500 | ||
|---|---|---|---|
| 001 | 86575 | ||
| 003 | ES-MaACL | ||
| 005 | 20230906175458.0 | ||
| 007 | t| | ||
| 008 | 041214s1983 sp ||||1| spa d | ||
| 100 | 1 |
_aKieffer, George H. _968008 |
|
| 245 | 1 | 0 |
_aBioética / _cGeorge H. Kiefer ; versión de Enrique Sánchez-Monge. |
| 250 | _a[1ª ed.]. | ||
| 260 |
_a[Madrid] : _bAlhambra, _c[1983] |
||
| 300 |
_aVI, 495 p. : _bil. ; _c24 cm. |
||
| 490 | 1 | _aAlhambra universidad | |
| 700 | 1 |
_aSánchez-Monge y Parellada, Enrique. _9102789 |
|
| 830 | 0 |
_aAlhambra universidad _9180698 |
|
| 852 |
_aES-MaACL _jL-4941 _bR.105485 |
||
| 999 |
_c86575 _d86575 |
||